| 000 | 00333nam a22001457a 4500 | ||
|---|---|---|---|
| 020 | _a81-8204-024-8 | ||
| 082 |
_a648.1 _bAGG |
||
| 100 | _aAGGARWAL, D.K | ||
| 245 | _aTEXTILE & LAUNDRY IN HOTEL INDUSTRY | ||
| 260 |
_aDELHI _bAMAN _c2006 |
||
| 300 | _a273 | ||
| 650 | _aHOTEL SERVICE | ||
| 653 | _aLAUNDRY, TEXTILE | ||
| 942 |
_2ddc _cBK |
||
| 999 |
_c8067 _d8067 |
||